BECOMING A MASTER MANAGER A COMPETING VALUES APPROACH (Record no. 6935)
[ view plain ]
| 000 -LEADER | |
|---|---|
| fixed length control field | 00390nam a2200145Ia 4500 |
| 008 - FIXED-LENGTH DATA ELEMENTS--GENERAL INFORMATION | |
| fixed length control field | 240624s9999 xx 000 0 und d |
| 041 ## - LANGUAGE CODE | |
| Language code of text/sound track or separate title | eng |
| 082 ## - DEWEY DECIMAL CLASSIFICATION NUMBER | |
| Classification number | 658.4092 QUI |
| 100 ## - MAIN ENTRY--PERSONAL NAME | |
| Personal name | QUINN ROBERT E |
| 245 ## - TITLE STATEMENT | |
| Title | BECOMING A MASTER MANAGER A COMPETING VALUES APPROACH |
| 250 ## - EDITION STATEMENT | |
| Edition statement | (4th ed.) |
| 260 ## - PUBLICATION, DISTRIBUTION, ETC. | |
| Date of publication, distribution, etc. | 2006 |
| Place of publication, distribution, etc. | Hoboken |
| Name of publisher, distributor, etc. | John Wiley |
| 300 ## - PHYSICAL DESCRIPTION | |
| Extent | xviii, , 379 , 25 : p. : cm. |
| 365 ## - TRADE PRICE | |
| Currency code | |
| Price amount | 29 |
| Withdrawn status | Lost status | Damaged status | Not for loan | Home library | Current library | Shelving location | Date acquired | Source of acquisition | Cost, normal purchase price | Full call number | Barcode | Date last seen | Copy number | Price effective from | Koha item type |
|---|---|---|---|---|---|---|---|---|---|---|---|---|---|---|---|
| IMTN | IMTN | Rack 29-B | 10/30/2007 | RBC | 75.95 | 658.4092 QUI | 6935 | 06/24/2024 | 42.5 | 06/24/2024 | Books |